Adobe indesign CS3 revealed

Graphic design professionals and design students alike are discovering the smart, sophisticated approach of the page layout software, Adobe InDesign. And they're mastering it with Adobe InDesign CS3 Revealed, a thorough overview of the latest release of the software. This highly visual book beg...

詳細記述

保存先:
書誌詳細
第一著者: Botello, Chris
フォーマット: 図書
言語:Undetermined
出版事項: Boston Thomson course technology 2008
主題:
タグ: タグ追加
タグなし, このレコードへの初めてのタグを付けませんか!
Thư viện lưu trữ: Trung tâm Học liệu Trường Đại học Cần Thơ
LEADER 01240nam a2200205Ia 4500
001 CTU_179574
008 210402s9999 xx 000 0 und d
020 |c 1200000 
082 |a 686.2 
082 |b B748 
100 |a Botello, Chris 
245 0 |a Adobe indesign CS3 revealed 
245 0 |c Chis Botello 
260 |a Boston 
260 |b Thomson course technology 
260 |c 2008 
520 |a Graphic design professionals and design students alike are discovering the smart, sophisticated approach of the page layout software, Adobe InDesign. And they're mastering it with Adobe InDesign CS3 Revealed, a thorough overview of the latest release of the software. This highly visual book begins by covering the workspace and other fundamental concepts. Each subsequent chapter delves into new features, offering more in-depth coverage as the book progresses. With new material on the improved interface and features of CS3, this edition retains its step-by-step tutorials and user-friendly design, resulting in a resource that is comprehensive, clear, and effective. 
650 |a InDesign. (Computer file),Desktop publishing,Kỹ thuật in ấn 
910 |a Nguyên 
980 |a Trung tâm Học liệu Trường Đại học Cần Thơ